| 000 | 00586nam a2200193 a 4500 | ||
|---|---|---|---|
| 005 | 20240611063620.0 | ||
| 008 | 991125s1994 mx 000 0 spa u | ||
| 020 | _a9682449731 | ||
| 035 | _aUPN01000005799 | ||
| 049 | _aLT | ||
| 050 | 4 |
_aLB1651 M6.2 _bR6.2 1994 |
|
| 100 | 1 | _aRosado, Daffny | |
| 245 | 1 | 0 |
_aBiología : _bsegundo grado / _cDaffny Rosado. |
| 260 |
_aMéxico : _bTrillas, _c1994. |
||
| 300 |
_a206 p. : _bil. col. |
||
| 650 | 4 |
_aBiología _xEstudio y enseñanza (Secundaria) _94532 |
|
| 650 | 4 |
_aCiencias naturales _xEstudio y enseñanza (Secundaria) _97979 |
|
| 905 | _aLibro | ||
| 999 |
_c5799 _d5799 |
||